000 00799nmc a2200313 a 4500
003 AR-BaBNM
005 20251128203139.0
008 137019s1965 ||||||||||||||000 | spa||
040 _cAR-BaBNM
100 1 _aGarcía Blanco, Manuel
245 1 0 _aEn torno a Unamuno
260 _aMadrid
_bEdiciones Taurus
_c1965
300 _a625 p.
490 0 _aPersiles
_vv. 26
500 _aContiene índice onomástico en p. 617
650 4 _aLITERATURA ESPANOLA
650 4 _aBIOGRAFIAS
650 4 _aVIDA LITERARIA
650 4 _aESTETICA
650 4 _aCRITICA LITERARIA
650 4 _aFILOSOFIA LITERARIA
650 4 _aHUMANISMO
653 _aINFLUENCIA CLASICA
653 _aGENERO EPISTOLAR
653 _aGENERACION DE 1898
655 _aBIOGRAFIAS
942 _cBK
998 _cMARTIN
999 _c2132
_d2132